Find the Children's Books II Quiz Stats

 Plays Quiz Updated Dec 22, 2017

Challenge
Share
Tweet
Score 0/16 Timer 02:00
0 Plays Today
% Correct
Peter Pan
96.7%
The Tiger Who
Came to Tea
96.4%
Diary of a
Wimpy Kid
96.3%
Charlotte's Web
96.3%
The Polar Express
94.9%
The Snowy Day
94.9%
Charlie and the
Chocolate Factory
94.6%
Harold and the
Purple Crayon
93.5%
% Correct
The Gruffalo
92.7%
The Famous Five
92.4%
Curious George
91.6%
The Secret Garden
91.3%
The Giving Tree
90.5%
The Jungle Book
84.6%
Madeline
82.7%
Are You My Mother?
81.8%

You're not logged in!

Compare scores with friends on all Sporcle quizzes.
Join for Free
OR
Log In

You Might Also Like...

Show Comments

Extras

Top Quizzes Today


Score Distribution

Your Account Isn't Verified!

In order to create a playlist on Sporcle, you need to verify the email address you used during registration. Go to your Sporcle Settings to finish the process.

Report this User

Report this user for behavior that violates our Community Guidelines.

Details: